书目信息 |
| 题名: |
漫长的20世纪
|
|
| 作者: | 阿里吉 著 ;姚乃强 , 严维明 , 吴承义 译 | |
| 分册: | ||
| 出版信息: | 北京 社会科学文献出版社 2022.04 |
|
| 页数: | 504页 | |
| 开本: | 21cm | |
| 丛书名: | 思想会 | |
| 单 册: | ||
| 中图分类: | D033.3 , F112.7 | |
| 科图分类: | ||
| 主题词: | 资本主义社会--zi ben zhu yi she hui--研究 , 资本主义经济--zi ben zhu yi jing ji--研究 | |
| 电子资源: | ||
| ISBN: | 978-7-5201-8068-9 | |
| 000 | 02325nam 2200349 450 | |
| 001 | 28962 | |
| 005 | 20221011141657.72 | |
| 010 | @a978-7-5201-8068-9@b精装@dCNY89.00 | |
| 100 | @a20220513d2022 em y0chiy50 ea | |
| 101 | 1 | @achi@cita |
| 102 | @aCN@b110000 | |
| 105 | @aa a 001yy | |
| 200 | 1 | @a漫长的20世纪@Aman chang de 20 shi ji@e金钱、权力与我们时代的起源@f(意) 乔万尼·阿里吉著@d= The long twentieth century@emoney, power and the origins of our times@fGiovanni Arrighi@g姚乃强, 严维明, 吴承义译@zeng |
| 210 | @a北京@c社会科学文献出版社@d2022.04 | |
| 215 | @a504页@c图@d21cm | |
| 225 | 2 | @a思想会@Asi xiang hui |
| 314 | @a乔万尼·阿里吉, 曾为美国约翰·霍普金斯大学社会学系教授, 世界体系理论的主要代表人物之一。姚乃强, 原中国人民解放军外国语学院教授, 博士生导师, 曾任高等学校外语专业教学指导委员会委员、中国英语教学研究会常务理事、全国美国文学研究会常务理事等。严维明, 原中国人民解放军外国语学院教授。曾留学英国伦敦大学国王学院, 访学于美国哥伦比亚特区大学以及乔治·华盛顿大学。吴承义, 英语语言文学博士, 军事战略学博士后。现为黑龙江大学三级教授, 博士生导师。 | |
| 320 | @a有书目 (第475-492页) 和索引 | |
| 330 | @a本书是美国约翰·霍普金斯大学原社会学系教授, 世界体系理论的主要代表人物之一乔万尼·阿里吉 (Giovanni Arrighi, 1937-2009) 的代表作, 从资本积累这个独特的角度向我们展示了一个完整的资本主义世界经济史, 大气磅礴, 旁征博引, 主题鲜明, 论证充分。仅仅用38万字就把资本主义近600年的大事说的非常透彻, 足见其功力。书中还谈到了新经济, 谈到了资本的操纵, 美国人玩弄“残存的”金融技巧, 等等。该书是对20世纪70年代那次世界经济危机的一项研究。这次危机被概念化为一个单独的历史进程的第三阶段, 也就是终结阶段。这个进程被界定为世界规模的美国资本积累体系的崛起、全面扩张和消亡三个阶段。 | |
| 410 | 0 | @12001 @a思想会 |
| 510 | 1 | @aLong twentieth century@emoney, power and the origins of our times@zeng |
| 517 | 1 | @a金钱、权力与我们时代的起源@Ajin qian 、 quan li yu wo men shi dai de qi yuan |
| 606 | 0 | @a资本主义社会@Azi ben zhu yi she hui@x研究 |
| 606 | 0 | @a资本主义经济@Azi ben zhu yi jing ji@x研究 |
| 690 | @aD033.3@v5 | |
| 690 | @aF112.7@v5 | |
| 701 | 1 | @a阿里吉@Aa li ji@g(Arrighi, Giovanni),@f1937-2009@4著 |
| 702 | 0 | @a姚乃强@Ayao nai qiang@4译 |
| 702 | 0 | @a严维明@Ayan wei ming@4译 |
| 702 | 0 | @a吴承义@Awu cheng yi@4译 |
| 801 | 0 | @aCN@c20220910 |
| 905 | @a河南城建学院图书馆@dD033.3@eA110@f2 | |
| 漫长的20世纪:金钱、权力与我们时代的起源/(意) 乔万尼·阿里吉著= The long twentieth century:money, power and the origins of our times/Giovanni Arrighi/姚乃强, 严维明, 吴承义译.-北京:社会科学文献出版社,2022.04 |
| 504页:图;21cm.-(思想会) |
| ISBN 978-7-5201-8068-9(精装):CNY89.00 |
| 本书是美国约翰·霍普金斯大学原社会学系教授, 世界体系理论的主要代表人物之一乔万尼·阿里吉 (Giovanni Arrighi, 1937-2009) 的代表作, 从资本积累这个独特的角度向我们展示了一个完整的资本主义世界经济史, 大气磅礴, 旁征博引, 主题鲜明, 论证充分。仅仅用38万字就把资本主义近600年的大事说的非常透彻, 足见其功力。书中还谈到了新经济, 谈到了资本的操纵, 美国人玩弄“残存的”金融技巧, 等等。该书是对20世纪70年代那次世界经济危机的一项研究。这次危机被概念化为一个单独的历史进程的第三阶段, 也就是终结阶段。这个进程被界定为世界规模的美国资本积累体系的崛起、全面扩张和消亡三个阶段。 |
| ● |
| 相关链接 |
|
|
|
正题名:漫长的20世纪
索取号:D033.3/A110
 
预约/预借
| 序号 | 登录号 | 条形码 | 馆藏地/架位号 | 状态 | 备注 |
| 1 | 1582232 | 215822322 | 社科库509/509社科库 67排6列5层/ [索取号:D033.3/A110] | 在馆 | |
| 2 | 1582233 | 215822331 | 社科库509/509社科库 67排6列5层/ [索取号:D033.3/A110] | 在馆 |